The changing shape of things / (Record no. 34170)
[ view plain ]
| 000 -LEADER | |
|---|---|
| fixed length control field | 00674nam a22002291a 4500 |
| 001 - CONTROL NUMBER | |
| control field | 34170 |
| 003 - CONTROL NUMBER IDENTIFIER | |
| rucl marc code | BD-RjUL |
| 005 - DATE AND TIME OF LATEST TRANSACTION | |
| control field | 20211209052122.0 |
| 008 - FIXED-LENGTH DATA ELEMENTS--GENERAL INFORMATION | |
| fixed length control field | 140514s1954 enk 000 0 eng d |
| 035 ## - SYSTEM CONTROL NUMBER | |
| System control number | (BD-RjUL)34264 |
| 040 ## - CATALOGING SOURCE | |
| Original cataloging agency | ANL |
| Language of cataloging | eng |
| Transcribing agency | ANL |
| Modifying agency | ABN-SNR |
| -- | The changing shape of things |
| -- | BD-RjUL |
| 041 ## - LANGUAGE CODE | |
| Language code of text/sound track or separate title | eng |
| 082 00 - DEWEY DECIMAL CLASSIFICATION NUMBER | |
| Edition number | 22 |
| Classification number | 729 |
| Author mark and year | REC 1954 |
| 100 1# - MAIN ENTRY--PERSONAL NAME | |
| Personal name | Redmayne, Paul. |
| 9 (RLIN) | 44613 |
| 245 14 - TITLE STATEMENT | |
| Title | The changing shape of things / |
| Statement of responsibility, etc. | illus. by Francis McNally. |
| 260 ## - PUBLICATION, DISTRIBUTION, ETC. (IMPRINT) | |
| Place of publication, distribution, etc. | London : |
| Name of publisher, distributor, etc. | Murray, |
| Date of publication, distribution, etc. | 1954. |
| 300 ## - PHYSICAL DESCRIPTION | |
| Illustrations | illus. ; |
| Pagination | 48 p. : |
| Size | 27 cm. |
| 650 #0 - SUBJECT ADDED ENTRY--TOPICAL TERM | |
| Topical term or geographic name as entry element | Design. |
| 9 (RLIN) | 103870 |
| Topical term or geographic name as entry element | Art and industry. |
| 9 (RLIN) | 103871 |
| Topical term or geographic name as entry element | Industrial arts. |
| 9 (RLIN) | 103872 |
| 942 ## - ADDED ENTRY ELEMENTS (KOHA) | |
| Source of classification or shelving scheme | Dewey Decimal Classification |
| Koha item type | Books |
| Lost status | Source of classification or shelving scheme | Damaged status | Not for loan | Permanent Location | Current Location | Shelving location | Date acquired | Source of acquisition | Cost, normal purchase price | Total Checkouts | Full call number | Date last seen | Copy number | Koha item type |
|---|---|---|---|---|---|---|---|---|---|---|---|---|---|---|
| Dewey Decimal Classification | Not For Loan | Central Library, University of Rajshahi | Central Library, University of Rajshahi | Reading Room | 05/02/1958 | O. U. P | 8.80 | 729 REC 1954 | 14/05/2014 | C-1 | Books |